[Event "4th Int. Chess Festival ad Gredine Open "]
[Site "Ortisei - St. Ulrich"]
[Date "2018.06.20"]
[Round "5"]
[White "Gholami, Aryan"]
[Black "Volkov, Dmitriy"]
[Result "1-0"]
[WhiteElo "2490"]
[BlackElo "2334"]
[PlyCount "99"]
[EventDate "2018.06.16"]

1. Nf3 Nf6 2. g3 g6 3. b3 Bg7 4. Bb2 d6 5. d4 O-O 6. Bg2 c5 7. c4 cxd4 8. Nxd4
d5 9. O-O e5 10. Nb5 a6 11. N5c3 d4 12. Na4 Nc6 13. Nd2 Bf5 14. c5 e4 15. Nc4
Nd5 16. Nd6 Qe7 17. Qc2 b5 18. Nb6 Nxb6 19. Nxf5 gxf5 20. cxb6 Nb4 21. Qd2 Rab8
22. a3 Nc6 23. Qf4 Qe5 24. Qxe5 Bxe5 25. f3 f4 26. gxf4 Bxf4 27. fxe4 Be3+ 28.
Kh1 Rxb6 29. Rf6 Rfb8 30. Rf5 Re8 31. Rd5 Na5 32. Rf1 Nxb3 33. Rd7 Rf8 34. e5
Nc5 35. Rc7 Ne6 36. Re7 Bg5 37. Ra7 Kg7 38. a4 b4 39. Bd5 Kg6 40. a5 Rbb8 41.
Rxa6 Be3 42. Rd6 Kg5 43. a6 Nf4 44. a7 Rbc8 45. Bb7 d3 46. exd3 Rc2 47. Bd4
Bxd4 48. Rxd4 Ne6 49. Rxb4 Nc7 50. Rc4 1-0

[Event "4th Int. Chess Festival ad Gredine Open "]
[Site "Ortisei - St. Ulrich"]
[Date "2018.06.20"]
[Round "5"]
[White "Lorscheid, Gerhard"]
[Black "Tan, Justin"]
[Result "1/2-1/2"]
[WhiteElo "2200"]
[BlackElo "2484"]
[PlyCount "118"]
[EventDate "2018.06.16"]

1. d4 d5 2. c4 e6 3. cxd5 exd5 4. Nc3 c6 5. Bf4 Bd6 6. Bg3 Ne7 7. e3 O-O 8. Bd3
Bf5 9. Nf3 Re8 10. O-O Bxg3 11. hxg3 Qd6 12. Bxf5 Nxf5 13. Qd3 Qg6 14. Rfe1 Nd7
15. b4 Re6 16. Ne2 Nxg3 17. Qxg6 Nxe2+ 18. Rxe2 Rxg6 19. Rc2 a6 20. a4 Nb6 21.
Ne5 Re6 22. a5 Nc8 23. g3 Nd6 24. Rcc1 f6 25. Nd3 g5 26. Kg2 Kg7 27. Ra2 h5 28.
Rh1 Rh8 29. Nc5 Ree8 30. Raa1 Kg6 31. Rac1 Rh7 32. Nd3 Reh8 33. Nc5 Kf5 34. Rh2
h4 35. gxh4 gxh4 36. Rh3 Rg8+ 37. Kh2 Ne4 38. Rf3+ Kg6 39. Nxe4 dxe4 40. Rg1+
Kf7 41. Rxf6+ Kxf6 42. Rxg8 Ke6 43. Rg5 Rf7 44. Kg2 Kd6 45. Rc5 h3+ 46. Kxh3
Rxf2 47. Kg4 Rf3 48. Rc3 Ke6 49. Kg5 Rf5+ 50. Kg4 Rf3 51. Kg5 Kf7 52. Kg4 Kf6
53. Rb3 Ke6 54. Rc3 Kd6 55. Kg5 Rf1 56. Kg4 Rf3 57. Kg5 Ke6 58. Kg4 Kd7 59. Kg5
Ke6 1/2-1/2

[Event "4th Int. Chess Festival ad Gredine Open "]
[Site "Ortisei - St. Ulrich"]
[Date "2018.06.20"]
[Round "5"]
[White "Landi, Alberto"]
[Black "Solomon, Kenny"]
[Result "1/2-1/2"]
[WhiteElo "2198"]
[BlackElo "2419"]
[PlyCount "68"]
[EventDate "2018.06.16"]

1. e4 e5 2. Nf3 Nc6 3. Bb5 a6 4. Ba4 Nf6 5. O-O Be7 6. Re1 b5 7. Bb3 d6 8. c3
O-O 9. h3 Nb8 10. d4 Nbd7 11. Nbd2 c5 12. Nf1 Bb7 13. Ng3 g6 14. Bh6 Re8 15.
Qd2 c4 16. Bc2 Qc7 17. d5 Nc5 18. Rf1 a5 19. Ng5 b4 20. f4 b3 21. axb3 cxb3 22.
Bd1 Ba6 23. fxe5 dxe5 24. Be2 Bxe2 25. Qxe2 a4 26. Kh2 a3 27. Rxa3 Rxa3 28.
bxa3 Rb8 29. Qc4 Qd6 30. Nf3 Nfd7 31. Be3 h5 32. Rb1 h4 33. Nf1 f5 34. N1d2 b2
1/2-1/2

[Event "4th Int. Chess Festival ad Gredine Open "]
[Site "Ortisei - St. Ulrich"]
[Date "2018.06.20"]
[Round "5"]
[White "De Vita, Gianni"]
[Black "Vaishali, R."]
[Result "1/2-1/2"]
[WhiteElo "2036"]
[BlackElo "2310"]
[PlyCount "86"]
[EventDate "2018.06.16"]

1. e4 c5 2. Nf3 d6 3. d4 cxd4 4. Qxd4 Nc6 5. Bb5 Bd7 6. Bxc6 Bxc6 7. Bg5 h6 8.
Bh4 e5 9. Qe3 Qb6 10. Qxb6 axb6 11. Nfd2 g5 12. Bg3 f5 13. f3 f4 14. Bf2 b5 15.
c4 b4 16. O-O Nf6 17. Nb3 g4 18. N1d2 Rg8 19. Kh1 Nh5 20. Bb6 Ra4 21. Na5 Nf6
22. b3 Ra3 23. Nb1 gxf3 24. gxf3 Rxa5 25. Bxa5 Nxe4 26. Bxb4 Be7 27. Nd2 Nxd2
28. Bxd2 e4 29. Bxf4 exf3 30. Rf2 Rg6 31. Re1 Kd7 32. Bg3 h5 33. Re3 h4 34.
Rxe7+ Kxe7 35. Bxh4+ Ke6 36. Bg3 Kf5 37. Kg1 Ke4 38. Rf1 Kd3 39. Kf2 Re6 40.
Rd1+ Kc2 41. Re1 Rxe1 42. Kxe1 d5 43. cxd5 Bxd5 1/2-1/2

[Event "4th Int. Chess Festival ad Gredine Open "]
[Site "Ortisei - St. Ulrich"]
[Date "2018.06.20"]
[Round "5"]
[White "Johnsen, Gunnar"]
[Black "Lumachi, Gabriele"]
[Result "1/2-1/2"]
[WhiteElo "2188"]
[BlackElo "1989"]
[PlyCount "33"]
[EventDate "2018.06.16"]

1. d4 d5 2. c4 dxc4 3. Nf3 a6 4. a4 Nc6 5. e3 e5 6. Nxe5 Nxe5 7. dxe5 Be6 8.
Qc2 Qd5 9. e4 Qxe5 10. Bxc4 Nf6 11. Bxe6 Qxe6 12. Nc3 Bb4 13. O-O O-O 14. f3
Rad8 15. Be3 Rd7 16. Rfd1 Rfd8 17. Ne2 1/2-1/2

[Event "4th Int. Chess Festival ad Gredine Open "]
[Site "Ortisei - St. Ulrich"]
[Date "2018.06.20"]
[Round "5"]
[White "Kumar, Naman"]
[Black "Curien, Nicolas"]
[Result "0-1"]
[WhiteElo "2100"]
[BlackElo "2204"]
[PlyCount "48"]
[EventDate "2018.06.16"]

1. e4 e6 2. d4 d5 3. Nc3 Nf6 4. Bg5 dxe4 5. Nxe4 Be7 6. Bxf6 gxf6 7. Nf3 f5 8.
Nc3 Qd6 9. Qd2 a6 10. O-O-O b5 11. Bd3 Bb7 12. Rhe1 Nd7 13. Qe2 Qf4+ 14. Qe3
Qxe3+ 15. fxe3 Rg8 16. Rd2 c5 17. dxc5 Nxc5 18. e4 b4 19. exf5 bxc3 20. Rde2
Bxf3 21. gxf3 cxb2+ 22. Kxb2 Rb8+ 23. Kc3 Na4+ 24. Kc4 Rb4# 0-1

[Event "4th Int. Chess Festival ad Gredine Open "]
[Site "Ortisei - St. Ulrich"]
[Date "2018.06.20"]
[Round "5"]
[White "Panjkovic, Aleksandar"]
[Black "Sarvadh, Sathiaram"]
[Result "1/2-1/2"]
[WhiteElo "2126"]
[BlackElo "1974"]
[PlyCount "58"]
[EventDate "2018.06.16"]

1. Nf3 Nf6 2. d3 d5 3. Nbd2 c5 4. e4 e6 5. Be2 Nc6 6. c3 Qc7 7. O-O Be7 8. Re1
b6 9. Bf1 Bb7 10. a3 a5 11. b3 Rd8 12. Qc2 O-O 13. e5 Nd7 14. d4 cxd4 15. cxd4
Rc8 16. Qb1 Ndb8 17. Ra2 Ba6 18. Rc2 Qd7 19. Bb2 Na7 20. Bxa6 Nxa6 21. Rec1
Rxc2 22. Qxc2 Rc8 23. Qd3 Rxc1+ 24. Bxc1 Qb5 25. Qxb5 Nxb5 26. Nb1 Nb8 27. Kf1
Nc6 28. Bb2 f6 29. a4 Nc7 1/2-1/2

[Event "4th Int. Chess Festival ad Gredine Open "]
[Site "Ortisei - St. Ulrich"]
[Date "2018.06.20"]
[Round "5"]
[White "Schaefer, Martin"]
[Black "Neumann, Han H.W.M"]
[Result "1-0"]
[WhiteElo "1997"]
[BlackElo "2055"]
[PlyCount "53"]
[EventDate "2018.06.16"]

1. d4 f5 2. Qd3 d6 3. Nc3 Nf6 4. Bg5 e6 5. f3 Be7 6. e4 fxe4 7. fxe4 Nc6 8.
O-O-O Ng4 9. Bxe7 Qxe7 10. Qg3 e5 11. Nd5 Qf7 12. Bc4 Na5 13. Rf1 Qg6 14. Bd3
Be6 15. Nxc7+ Kd7 16. Nxe6 Qxe6 17. Kb1 Qg6 18. Bb5+ Ke7 19. Qc3 Nc6 20. d5
Rac8 21. dxc6 a6 22. Be2 Nf6 23. Qb3 Rc7 24. Qb6 Rhc8 25. cxb7 Qxe4 26. Bd3
Qxb7 27. Qxb7 1-0

[Event "4th Int. Chess Festival ad Gredine Open "]
[Site "Ortisei - St. Ulrich"]
[Date "2018.06.20"]
[Round "5"]
[White "Kostov, Deyan Samuil"]
[Black "Karl, Hans"]
[Result "1/2-1/2"]
[WhiteElo "1894"]
[BlackElo "2078"]
[PlyCount "61"]
[EventDate "2018.06.16"]

1. d4 Nf6 2. Bg5 d5 3. Nf3 e6 4. e3 Be7 5. Bd3 b6 6. O-O h6 7. Bf4 Bb7 8. Nbd2
Nbd7 9. h3 O-O 10. a4 a5 11. c3 Ne4 12. Qc2 f5 13. Ne5 Bf6 14. Ndf3 c5 15. Be2
Rc8 16. Qd1 Kh7 17. Nxd7 Qxd7 18. Ne5 Bxe5 19. Bxe5 c4 20. f3 Nd6 21. Qe1 Nf7
22. f4 Bc6 23. Bd1 g5 24. Bc2 Nxe5 25. fxe5 Kh8 26. g4 fxg4 27. hxg4 Rxf1+ 28.
Qxf1 Qg7 29. Qg2 Rf8 30. Rf1 Kg8 31. Rf3 1/2-1/2

[Event "4th Int. Chess Festival ad Gredine Open "]
[Site "Ortisei - St. Ulrich"]
[Date "2018.06.20"]
[Round "5"]
[White "Niederstaetter, Harald"]
[Black "Sergeeva, Natalia"]
[Result "0-1"]
[WhiteElo "1996"]
[BlackElo "2011"]
[PlyCount "52"]
[EventDate "2018.06.16"]

1. d4 Nf6 2. Nf3 e6 3. e3 c5 4. Bd3 d5 5. b3 Nc6 6. O-O Qc7 7. Bb2 b6 8. a3 Bb7
9. Nbd2 Bd6 10. Qe2 O-O 11. c4 Rfe8 12. dxc5 bxc5 13. Bxf6 gxf6 14. cxd5 exd5
15. Nh4 Ne5 16. Bc2 Ng6 17. Ndf3 Kh8 18. Nf5 d4 19. Nxd6 Qxd6 20. Rfe1 Rad8 21.
Bf5 d3 22. Qd2 Bxf3 23. Bxg6 Rg8 24. gxf3 Rxg6+ 25. Kh1 Qxh2+ 26. Kxh2 Rd5 0-1

[Event "4th Int. Chess Festival ad Gredine Open "]
[Site "Ortisei - St. Ulrich"]
[Date "2018.06.21"]
[Round "6"]
[White "Vocaturo, Daniele"]
[Black "Santos Latasa, Jaime"]
[Result "1/2-1/2"]
[WhiteElo "2608"]
[BlackElo "2567"]
[PlyCount "67"]
[EventDate "2018.06.16"]

1. d4 Nf6 2. c4 e6 3. Nf3 d5 4. g3 Bb4+ 5. Bd2 Be7 6. Bg2 c6 7. Qc2 b6 8. O-O
Nbd7 9. Bf4 Bb7 10. Rd1 O-O 11. Ne5 Nxe5 12. dxe5 Nd7 13. cxd5 exd5 14. e4 d4
15. Rxd4 Bc5 16. Rd2 Qe7 17. Nc3 Nxe5 18. Rad1 g5 19. Bxe5 Qxe5 20. Ne2 Bc8 21.
Nd4 Bg4 22. Nxc6 Qe6 23. e5 Rac8 24. Bd5 Bxd1 25. Rxd1 Qd7 26. Be4 Qe6 27. Qa4
a5 28. a3 Rxc6 29. Qxc6 Qxe5 30. Rd5 Qe7 31. Rf5 Kg7 32. Kg2 Rd8 33. Bd5 f6 34.
Rf3 1/2-1/2

[Event "4th Int. Chess Festival ad Gredine Open "]
[Site "Ortisei - St. Ulrich"]
[Date "2018.06.21"]
[Round "6"]
[White "Pruijssers, Roeland"]
[Black "Saric, Ivan"]
[Result "0-1"]
[WhiteElo "2514"]
[BlackElo "2685"]
[PlyCount "158"]
[EventDate "2018.06.16"]

1. e4 g6 2. d4 Bg7 3. Nf3 d6 4. Bc4 Nc6 5. h3 Nf6 6. Qe2 e5 7. dxe5 Nxe5 8.
Nxe5 dxe5 9. O-O Nh5 10. Qf3 O-O 11. Rd1 Qh4 12. Nc3 c6 13. Be3 Nf4 14. Ne2 b5
15. Bb3 Nxe2+ 16. Qxe2 Qxe4 17. a4 b4 18. g4 Bh6 19. Re1 Bxe3 20. Qxe3 Qxe3 21.
Rxe3 Re8 22. Rae1 Bd7 23. Rxe5 Kf8 24. Kf1 a5 25. f4 Rxe5 26. Rxe5 f6 27. Re3
c5 28. Rd3 Ke7 29. Re3+ Kf8 30. Rd3 Ra7 31. g5 fxg5 32. fxg5 Rc7 33. h4 Bf5 34.
Rd8+ Ke7 35. Rh8 Kd6 36. c3 c4 37. Bd1 Ke5 38. Ra8 Kf4 39. Rxa5 bxc3 40. bxc3
Ke3 41. Rd5 Rb7 42. Rb5 Rf7 43. Ke1 Kd3 44. Be2+ Kxc3 45. Rc5 Bd3 46. Bxd3 Kxd3
47. a5 c3 48. Rd5+ Kc2 49. a6 Re7+ 50. Kf2 Kc1 51. Rc5 c2 52. Rc6 Rd7 53. Ke2
Rd2+ 54. Ke1 Rd8 55. a7 Kb2 56. Rb6+ Kc3 57. Rc6+ Kd3 58. Rc7 Re8+ 59. Kf2 Rf8+
60. Ke1 Rd8 61. Rc6 Ra8 62. Rd6+ Ke3 63. Rc6 Rxa7 64. Rc3+ Kf4 65. Rxc2 Kg3 66.
h5 gxh5 67. Rc6 h4 68. Rc3+ Kg2 69. Rc2+ Kg1 70. Rc4 Re7+ 71. Kd2 h3 72. Rg4+
Kf2 73. g6 hxg6 74. Rxg6 Rd7+ 75. Kc2 Rh7 76. Rf6+ Kg3 77. Rg6+ Kf4 78. Rf6+
Kg5 79. Rf1 h2 0-1

[Event "4th Int. Chess Festival ad Gredine Open "]
[Site "Ortisei - St. Ulrich"]
[Date "2018.06.21"]
[Round "6"]
[White "Tarlev, Konstantin"]
[Black "Kveinys, Aloyzas"]
[Result "1/2-1/2"]
[WhiteElo "2552"]
[BlackElo "2519"]
[PlyCount "23"]
[EventDate "2018.06.16"]

1. e4 e5 2. Nf3 Nf6 3. d4 Nxe4 4. Bd3 d5 5. Nxe5 Nd7 6. Nc3 Nxc3 7. bxc3 Bd6 8.
O-O O-O 9. Re1 c6 10. Bf4 Nxe5 11. dxe5 Be7 12. a4 1/2-1/2

[Event "4th Int. Chess Festival ad Gredine Open "]
[Site "Ortisei - St. Ulrich"]
[Date "2018.06.21"]
[Round "6"]
[White "Kumar, Nikhil"]
[Black "Moroni, Luca Jr"]
[Result "1/2-1/2"]
[WhiteElo "2286"]
[BlackElo "2549"]
[PlyCount "67"]
[EventDate "2018.06.16"]

1. d4 d5 2. Nf3 e6 3. c4 a6 4. Bg5 Be7 5. Bxe7 Qxe7 6. Nbd2 Nf6 7. e3 b6 8. Rc1
Bb7 9. Bd3 Nbd7 10. O-O c5 11. Qe2 e5 12. dxe5 Nxe5 13. Nxe5 Qxe5 14. cxd5 Nxd5
15. Nc4 Qe7 16. Be4 Qe6 17. Rfd1 Rd8 18. Qf3 O-O 19. Nxb6 Qxb6 20. Bxd5 Rxd5
21. Rxd5 Qxb2 22. Rcxc5 Qxa2 23. g3 Bxd5 24. Rxd5 a5 25. Qd1 h6 26. Rd4 Ra8 27.
Ra4 Qb2 28. Rxa5 Rxa5 29. Qd8+ Kh7 30. Qxa5 Qb1+ 31. Kg2 Qe4+ 32. Kg1 Qb1+ 33.
Kg2 Qe4+ 34. Kg1 1/2-1/2

[Event "4th Int. Chess Festival ad Gredine Open "]
[Site "Ortisei - St. Ulrich"]
[Date "2018.06.21"]
[Round "6"]
[White "Praggnanandhaa, R."]
[Black "Gholami, Aryan"]
[Result "1-0"]
[WhiteElo "2529"]
[BlackElo "2490"]
[PlyCount "69"]
[EventDate "2018.06.16"]

1. Nf3 Nf6 2. c4 b6 3. g3 Bb7 4. Bg2 g6 5. d4 Bg7 6. O-O O-O 7. d5 Ne4 8. Nfd2
Nc5 9. Nb3 a5 10. Nc3 d6 11. Nd4 Qd7 12. e4 e5 13. Ndb5 Nba6 14. a3 f5 15. f3
fxe4 16. fxe4 Rxf1+ 17. Kxf1 c6 18. dxc6 Bxc6 19. Kg1 Nc7 20. Be3 N7e6 21. b4
axb4 22. axb4 Na6 23. Nd5 Nac7 24. Nbxc7 Rxa1 25. Qxa1 Nxc7 26. Bxb6 Nxd5 27.
exd5 Ba4 28. b5 Bc2 29. Qa8+ Bf8 30. Be3 Qg4 31. h3 Qd1+ 32. Kh2 Kf7 33. Qb7+
Kf6 34. Qc8 Kg7 35. Bh6+ 1-0

[Event "4th Int. Chess Festival ad Gredine Open "]
[Site "Ortisei - St. Ulrich"]
[Date "2018.06.21"]
[Round "6"]
[White "Bertagnolli, Alexander"]
[Black "Sonis, Francesco"]
[Result "1/2-1/2"]
[WhiteElo "2398"]
[BlackElo "2448"]
[PlyCount "132"]
[EventDate "2018.06.16"]

1. Nf3 Nf6 2. b3 d5 3. Bb2 c6 4. e3 Bg4 5. h3 Bh5 6. d3 Nbd7 7. Nbd2 e6 8. Qe2
h6 9. e4 dxe4 10. dxe4 Qa5 11. O-O-O Qxa2 12. Nc4 O-O-O 13. Rd4 Bc5 14. g4 Bg6
15. Bg2 Bxd4 16. Nxd4 Nb6 17. Ne5 Rhe8 18. f4 Nfd7 19. Nexc6 bxc6 20. Nxc6 Nc5
21. Qb5 Nb7 22. f5 Bh7 23. Nxd8 Rxd8 24. Bxg7 Qa3+ 25. Kb1 Qc5 26. Qxc5+ Nxc5
27. Bxh6 Re8 28. Rd1 Nbd7 29. Kb2 Nf6 30. Rd4 exf5 31. Rc4 Nfxe4 32. Bxe4 Rxe4
33. Rxc5+ Kb7 34. gxf5 Rh4 35. Bg7 Rxh3 36. Re5 Kc6 37. Re7 Bxf5 38. Rxf7 Bd7
39. Bd4 a5 40. Rf6+ Kd5 41. c4+ Kxd4 42. Rd6+ Kc5 43. Rxd7 Rh1 44. Rb7 a4 45.
Rb5+ Kc6 46. bxa4 Rh2+ 47. Kb3 Rh1 48. Rg5 Rb1+ 49. Kc3 Rc1+ 50. Kd3 Rd1+ 51.
Kc2 Ra1 52. a5 Ra2+ 53. Kc3 Ra1 54. Rh5 Ra2 55. Kb4 Rb2+ 56. Ka3 Rb1 57. Rh2
Kc5 58. Rb2 Ra1+ 59. Ra2 Rb1 60. a6 Kb6 61. Rb2+ Rxb2 62. Kxb2 Kxa6 63. Kc3 Kb6
64. Kd4 Kc6 65. c5 Kc7 66. c6 Kxc6 1/2-1/2

[Event "4th Int. Chess Festival ad Gredine Open "]
[Site "Ortisei - St. Ulrich"]
[Date "2018.06.21"]
[Round "6"]
[White "Kindermann, Stefan"]
[Black "Sarkar, Justin"]
[Result "1-0"]
[WhiteElo "2506"]
[BlackElo "2297"]
[PlyCount "83"]
[EventDate "2018.06.16"]

1. d4 Nf6 2. Bg5 e6 3. e4 c5 4. d5 d6 5. Bb5+ Nbd7 6. dxe6 fxe6 7. Nc3 a6 8.
Bxd7+ Bxd7 9. e5 dxe5 10. Qe2 Bc6 11. Nf3 Bd6 12. Nxe5 Bxe5 13. Qxe5 Bxg2 14.
Rg1 Bc6 15. Rd1 Qe7 16. Rd6 Kf7 17. Rxc6 bxc6 18. Ne4 h5 19. Rg3 Rad8 20. Nxf6
gxf6 21. Rf3 Rd5 22. Rxf6+ Ke8 23. Qb8+ Rd8 24. Qb3 Rd5 25. Rh6 Rxh6 26. Bxe7
Kxe7 27. Qb7+ Kf6 28. Qxc6 Rg6 29. Qxa6 Rg1+ 30. Ke2 Rg2 31. Qc4 Rf5 32. Qh4+
Ke5 33. Kf1 Rg4 34. Qe7 c4 35. a4 Rgf4 36. Qc5+ Kf6 37. Qb6 Rd5 38. a5 Rd1+ 39.
Ke2 Rfd4 40. a6 Rd6 41. Qb8 R6d2+ 42. Kf3 1-0

[Event "4th Int. Chess Festival ad Gredine Open "]
[Site "Ortisei - St. Ulrich"]
[Date "2018.06.21"]
[Round "6"]
[White "Tan, Justin"]
[Black "Molina, Fabrizio"]
[Result "0-1"]
[WhiteElo "2484"]
[BlackElo "2212"]
[PlyCount "94"]
[EventDate "2018.06.16"]

1. e4 d6 2. d4 Nf6 3. Nc3 e5 4. Nf3 Nbd7 5. Bc4 Be7 6. O-O O-O 7. h3 c6 8. a4
b6 9. Qe2 Qc7 10. Rd1 a6 11. Ba2 Rb8 12. Be3 b5 13. axb5 axb5 14. b4 d5 15.
Nxe5 Bxb4 16. Qd3 Bxc3 17. Qxc3 Nxe5 18. Bf4 Nxe4 19. Qe3 Qe7 20. f3 Ra8 21.
dxe5 Nc5 22. Bg5 Qa7 23. Bxd5 Qxa1 24. Rxa1 Rxa1+ 25. Kh2 cxd5 26. Qxc5 Be6 27.
Qxb5 Rc8 28. Be3 Ra2 29. c3 h6 30. Bd4 Rca8 31. Qb7 R8a4 32. Qb8+ Kh7 33. Qb5
Ra8 34. Be3 Kg8 35. Qb7 R8a3 36. Qb8+ Kh7 37. Qb1+ Kg8 38. Bc5 Ra4 39. f4 d4
40. Bxd4 Bd5 41. Kg3 Rxg2+ 42. Kh4 Raa2 43. Be3 Bf3 44. Qb8+ Kh7 45. e6 g5+ 46.
fxg5 Ra4+ 47. Qf4 hxg5# 0-1

[Event "4th Int. Chess Festival ad Gredine Open "]
[Site "Ortisei - St. Ulrich"]
[Date "2018.06.21"]
[Round "6"]
[White "Landi, Alberto"]
[Black "Jaracz, Pawel"]
[Result "1/2-1/2"]
[WhiteElo "2198"]
[BlackElo "2467"]
[PlyCount "84"]
[EventDate "2018.06.16"]

1. e4 c5 2. c3 Nf6 3. e5 Nd5 4. d4 cxd4 5. Nf3 d6 6. cxd4 Nc6 7. Bc4 dxe5 8.
dxe5 Ndb4 9. Qxd8+ Nxd8 10. Na3 Be6 11. O-O g6 12. Bb5+ Nbc6 13. Nd4 Bd7 14.
Nxc6 Nxc6 15. f4 Bg7 16. Be3 f6 17. exf6 Bxf6 18. Rf2 O-O 19. Rd1 Be6 20. b3
Rac8 21. Bc4 Bxc4 22. Nxc4 Rfd8 23. Rfd2 Rxd2 24. Rxd2 b5 25. Na3 a6 26. Nc2
Kf7 27. h3 h5 28. g3 Ke6 29. Kg2 Bc3 30. Re2 Kf7 31. Bd2 Bf6 32. Be3 e6 33. Rd2
Ne7 34. Nd4 Nd5 35. Bf2 h4 36. Nf3 hxg3 37. Kxg3 Nc3 38. Kg4 Ne4 39. Re2 Nd6
40. Bd4 Nf5 41. Bxf6 Kxf6 42. Ng5 Nh6+ 1/2-1/2

[Event "4th Int. Chess Festival ad Gredine Open "]
[Site "Ortisei - St. Ulrich"]
[Date "2018.06.21"]
[Round "6"]
[White "Solomon, Kenny"]
[Black "Lorscheid, Gerhard"]
[Result "1/2-1/2"]
[WhiteElo "2419"]
[BlackElo "2200"]
[PlyCount "67"]
[EventDate "2018.06.16"]

1. d4 d6 2. Nf3 Nf6 3. c4 g6 4. Nc3 Bf5 5. h3 Ne4 6. Qb3 Nxc3 7. bxc3 b6 8. c5
Bg7 9. g4 Be6 10. d5 Bxd5 11. Qxd5 Bxc3+ 12. Bd2 c6 13. Bxc3 cxd5 14. Bxh8 f6
15. Bg2 bxc5 16. O-O Kd7 17. Bg7 Qg8 18. Bh6 g5 19. h4 gxh4 20. Kh2 Kc7 21. Bh3
Qg6 22. Bd2 Nc6 23. g5 Ne5 24. Nxe5 fxe5 25. Rab1 Qc2 26. Rfd1 Kc6 27. Bg2 Qf5
28. Be3 e6 29. Rb2 e4 30. Rc2 Qe5+ 31. Kh1 Qf5 32. Kh2 Qe5+ 33. Kh1 Qf5 34. Kh2
1/2-1/2

[Event "4th Int. Chess Festival ad Gredine Open "]
[Site "Ortisei - St. Ulrich"]
[Date "2018.06.21"]
[Round "6"]
[White "Cappelletto, Joshuaede"]
[Black "Johnsen, Gunnar"]
[Result "0-1"]
[WhiteElo "2000"]
[BlackElo "2188"]
[PlyCount "42"]
[EventDate "2018.06.16"]

1. e4 d6 2. d4 Nf6 3. Nc3 g6 4. f4 Bg7 5. Nf3 c5 6. e5 Nfd7 7. Bc4 O-O 8. e6
Nb6 9. exf7+ Kh8 10. Bd3 c4 11. Be2 Be6 12. Ng5 Bxf7 13. h4 Nc6 14. Be3 e5 15.
h5 exd4 16. hxg6 Bxg6 17. Nxh7 Bxh7 18. Bxc4 Qe8 19. Rxh7+ Kxh7 20. Bd3+ Kg8
21. Ne4 d5 0-1

[Event "4th Int. Chess Festival ad Gredine Open "]
[Site "Ortisei - St. Ulrich"]
[Date "2018.06.21"]
[Round "6"]
[White "Fehr, Axel"]
[Black "Kostov, Deyan Samuil"]
[Result "1-0"]
[WhiteElo "2008"]
[BlackElo "1894"]
[PlyCount "43"]
[EventDate "2018.06.16"]

1. e4 c5 2. Nf3 d6 3. d4 Nf6 4. Nc3 cxd4 5. Nxd4 Nc6 6. Bg5 a6 7. Be2 e6 8. Nb3
Be7 9. Qd2 b5 10. a3 Bb7 11. h4 Qc7 12. Rh3 O-O-O 13. O-O-O Kb8 14. Kb1 h6 15.
Be3 Nd7 16. Bxb5 axb5 17. Nxb5 Qc8 18. Na5 Nc5 19. Nc4 Nxe4 20. Qd3 Ne5 21.
Ba7+ Ka8 22. Nb6# 1-0

[Event "4th Int. Chess Festival ad Gredine Open "]
[Site "Ortisei - St. Ulrich"]
[Date "2018.06.22"]
[Round "7"]
[White "Saric, Ivan"]
[Black "Praggnanandhaa, R."]
[Result "1/2-1/2"]
[WhiteElo "2685"]
[BlackElo "2529"]
[PlyCount "81"]
[EventDate "2018.06.16"]

1. e4 e5 2. Nf3 Nc6 3. Bb5 a6 4. Ba4 Nf6 5. O-O b5 6. Bb3 Bc5 7. c3 d6 8. d4
Bb6 9. a4 Rb8 10. a5 Ba7 11. Be3 Bg4 12. Nbd2 O-O 13. h3 Bh5 14. Qe1 exd4 15.
Nxd4 Nxd4 16. Bxd4 c5 17. Bxf6 Qxf6 18. Qe3 Rb7 19. Bd5 c4 20. Qg3 Rbb8 21.
Rae1 Kh8 22. Kh1 Qd8 23. f4 f6 24. Ra1 Bf7 25. Nf3 Qc7 26. Nh4 b4 27. f5 bxc3
28. bxc3 Bxd5 29. exd5 Rfe8 30. Rae1 Rxe1 31. Rxe1 Qxa5 32. Qf3 h6 33. Ng6+ Kh7
34. Ne7 Qc5 35. Qg4 Qf2 36. Rd1 Bc5 37. Nc6 Ra8 38. Rb1 Qc2 39. Re1 Qxc3 40.
Qg6+ Kh8 41. Re8+ 1/2-1/2

[Event "4th Int. Chess Festival ad Gredine Open "]
[Site "Ortisei - St. Ulrich"]
[Date "2018.06.22"]
[Round "7"]
[White "Santos Latasa, Jaime"]
[Black "Tarlev, Konstantin"]
[Result "1/2-1/2"]
[WhiteElo "2567"]
[BlackElo "2552"]
[PlyCount "48"]
[EventDate "2018.06.16"]

1. e4 e5 2. Nf3 Nc6 3. Bb5 a6 4. Ba4 Nf6 5. O-O Be7 6. Re1 b5 7. Bb3 d6 8. c3
O-O 9. h3 Nb8 10. d4 Nbd7 11. c4 c6 12. Nc3 b4 13. Ne2 Nxe4 14. Qc2 Nef6 15.
Ng3 c5 16. dxe5 Nxe5 17. Nxe5 dxe5 18. Rxe5 Bd6 19. Re1 Qc7 20. Nf5 Be5 21. Bg5
a5 22. Ba4 Ra6 23. Re2 g6 24. Nh4 Bf4 1/2-1/2

[Event "4th Int. Chess Festival ad Gredine Open "]
[Site "Ortisei - St. Ulrich"]
[Date "2018.06.22"]
[Round "7"]
[White "Sonis, Francesco"]
[Black "Vocaturo, Daniele"]
[Result "1/2-1/2"]
[WhiteElo "2448"]
[BlackElo "2608"]
[PlyCount "45"]
[EventDate "2018.06.16"]

1. d4 f5 2. c4 Nf6 3. g3 g6 4. Bg2 Bg7 5. Nf3 O-O 6. O-O d6 7. Nc3 Qe8 8. Re1
Qf7 9. e4 fxe4 10. Ng5 Qxc4 11. Ngxe4 Nxe4 12. Rxe4 Qf7 13. Rf4 Bf6 14. Nd5 g5
15. Rf3 c6 16. Nc7 Bg4 17. Nxa8 Bxf3 18. Bxf3 Na6 19. Bh5 Qd5 20. Bf3 Qf7 21.
Bh5 Qe6 22. Bg4 Qf7 23. Bh5 1/2-1/2

[Event "4th Int. Chess Festival ad Gredine Open "]
[Site "Ortisei - St. Ulrich"]
[Date "2018.06.22"]
[Round "7"]
[White "Kveinys, Aloyzas"]
[Black "Kumar, Nikhil"]
[Result "1/2-1/2"]
[WhiteElo "2519"]
[BlackElo "2286"]
[PlyCount "111"]
[EventDate "2018.06.16"]

1. d4 Nf6 2. c4 e6 3. Nc3 Bb4 4. e3 O-O 5. Bd3 d5 6. Nf3 c5 7. O-O cxd4 8. exd4
dxc4 9. Bxc4 b6 10. Bg5 Bb7 11. Re1 Nbd7 12. Qd3 Rc8 13. Rac1 h6 14. Bh4 Be7
15. Ba6 Bxa6 16. Qxa6 Qc7 17. d5 Nc5 18. Qe2 Nh5 19. Bg3 Nxg3 20. hxg3 a5 21.
Nd4 Bf6 22. Ncb5 Qd7 23. dxe6 Nxe6 24. Nxe6 Qxe6 25. Qxe6 fxe6 26. b3 Rxc1 27.
Rxc1 Rd8 28. Rc2 Rd1+ 29. Kh2 Rb1 30. Na3 Rb2 31. g4 a4 32. Rxb2 Bxb2 33. Nc4
Bd4 34. Kg3 axb3 35. axb3 Kf7 36. f3 g5 37. Kh3 Kf6 38. g3 Bc5 39. f4 b5 40.
Nd2 Be3 41. Ne4+ Kg6 42. fxg5 Bxg5 43. Kg2 Bd8 44. Kf3 Bc7 45. Nc3 b4 46. Ne4
Bd8 47. Ke2 Bc7 48. Kd3 h5 49. gxh5+ Kxh5 50. Ke3 Kg4 51. Kf2 Bb6+ 52. Kg2 Bd4
53. Nf2+ Kf5 54. Nd3 Kg4 55. Nxb4 Be5 56. Nd3 1/2-1/2

[Event "4th Int. Chess Festival ad Gredine Open "]
[Site "Ortisei - St. Ulrich"]
[Date "2018.06.22"]
[Round "7"]
[White "Moroni, Luca Jr"]
[Black "Volkov, Dmitriy"]
[Result "1-0"]
[WhiteElo "2549"]
[BlackElo "2334"]
[PlyCount "71"]
[EventDate "2018.06.16"]

1. d4 Nf6 2. c4 g6 3. g3 Bg7 4. Bg2 d6 5. Nc3 O-O 6. Nf3 Nc6 7. O-O a6 8. b3
Rb8 9. d5 Na5 10. Bg5 h6 11. Bd2 c5 12. dxc6 bxc6 13. e4 Nd7 14. Qc2 c5 15.
Rad1 Nc6 16. Bf4 e5 17. Bd2 Nb6 18. h3 f5 19. Qc1 fxe4 20. Nxe4 Rxf3 21. Bxh6
Rf8 22. Rxd6 Qe8 23. Qg5 Rf5 24. Qh4 Ne7 25. Rfd1 Nd7 26. g4 Rf8 27. Bxg7 Kxg7
28. Re6 Rf7 29. Nd6 Qf8 30. Nxf7 Kxf7 31. Rdd6 Ke8 32. Bc6 Qg7 33. Bxd7+ Bxd7
34. Rxe7+ Qxe7 35. Qh8+ Qf8 36. Qxf8+ 1-0